书目信息 |
| 题名: |
大学英语六级考试历年真题精解
|
|
| 作者: | 谢忠明 主编 | |
| 分册: | ||
| 出版信息: | 北京 学苑出版社 2008.01 |
|
| 页数: | 146页 | |
| 开本: | 28cm | |
| 丛书名: | 恩波英语 | |
| 单 册: | ||
| 中图分类: | H319.6 , H319.1 | |
| 科图分类: | ||
| 主题词: | 大学英语水平考试--题解 | |
| 电子资源: | ||
| ISBN: | 978-7-5077-2007-5 | |
| 000 | 00979nam2 2200277 450 | |
| 001 | 012001133308 | |
| 005 | 20101213095021.0 | |
| 010 | @a978-7-5077-2007-5@dCNY16.00 | |
| 100 | @a20090508d2008 em y0chiy0110 ea | |
| 101 | 0 | @achi@aeng |
| 102 | @aCN@b110000 | |
| 105 | @ay q 000yy | |
| 200 | 1 | @a大学英语六级考试历年真题精解@Ada xue ying yu liu ji kao shi li nian zhen ti jing jie@e2005.6-2008.1@e新题型整合版@f谢忠明主编 |
| 210 | @a北京@c学苑出版社@d2008.01 | |
| 215 | @a146页@d28cm | |
| 225 | 2 | @a恩波英语 |
| 330 | @a本书汇集了2005至2008年历年六级考试的真题,提供答案并进行详尽解析,总结常考知识点,阐明解题规律并分析命题趋势。 | |
| 461 | 0 | @12001 @a恩波英语 |
| 512 | 1 | @a大学英语6级考试历年真题精解@Ada xue ying yu6 ji kao shi li nian zhen ti jing jie |
| 606 | 0 | @a大学英语水平考试@x题解 |
| 690 | @aH319.6@v5 | |
| 690 | @aH319.1@v5 | |
| 701 | 0 | @a谢忠明@Axie zhong ming@4主编 |
| 905 | @aBZT@dH319.6@e66 | |
| 905 | @aBZT@dH319.1 | |
| 906 | @dCNY16.00@n0@r1 | |
| 大学英语六级考试历年真题精解:2005.6-2008.1:新题型整合版/谢忠明主编.-北京:学苑出版社,2008.01 |
| 146页;28cm.-(恩波英语) |
| ISBN 978-7-5077-2007-5:CNY16.00 |
| 本书汇集了2005至2008年历年六级考试的真题,提供答案并进行详尽解析,总结常考知识点,阐明解题规律并分析命题趋势。 |
| ● |
| 相关链接 |
|
|
|
正题名:大学英语六级考试历年真题精解
索取号:H319.6/66
 
预约/预借
| 序号 | 登录号 | 条形码 | 馆藏地/架位号 | 状态 | 备注 |
| 1 | 770068 | 2000770068 | 中心书库中库/ 中库034架B面5列2层4/ [索取号:H319.6/66] | 在馆 | |
| 2 | 770069 | 2000770069 | 中心书库中库/ 中库034架B面5列4层40/ [索取号:H319.6/66] | 在馆 | |
| 3 | 770070 | 2000770070 | 中心书库中库/ 中库034架B面5列2层3/ [索取号:H319.6/66] | 在馆 | |
| 4 | 770071 | 2000770071 | 中心书库中库/ 中库034架B面5列2层2/ [索取号:H319.6/66] | 在馆 | |
| 5 | 770072 | 2000770072 | 中心书库中库/ 中库034架B面5列2层8/ [索取号:H319.6/66] | 在馆 | |
| 6 | 770073 | 2000770073 | 中心书库中库/ 中库034架B面5列2层5/ [索取号:H319.6/66] | 在馆 | |
| 7 | 770074 | 2000770074 | 中心书库中库/ 中库034架B面5列4层41/ [索取号:H319.6/66] | 在馆 | |
| 8 | 770075 | 2000770075 | 中心书库中库/ 中库034架B面5列2层1/ [索取号:H319.6/66] | 在馆 | |
| 9 | 770076 | 2000770076 | 中心书库中库/ 中库034架B面5列2层6/ [索取号:H319.6/66] | 在馆 | |
| 10 | 770077 | 2000770077 | 中心书库中库/ 中库034架B面5列2层7/ [索取号:H319.6/66] | 在馆 |